000
00276nam a2200109Ia 4500
008
190216s9999||||xx |||||||||||||| ||und||
100
_a
Panneerselvam R
245
0
_a
Data Base Management Systems
260
_b
Prentice Hall Of India Pvt Ltd
_c
2002
300
_a
277p
942
_c
BK
999
_c
6517
_d
6517